| 000 | 00883nam a2200253Ia 4500 | ||
|---|---|---|---|
| 003 | EC-GqESP | ||
| 005 | 20251105115336.0 | ||
| 008 | 250425s9999 xx 000 0 und d | ||
| 010 | _a51215 | ||
| 020 | _a844812040X | ||
| 041 | _aspa | ||
| 082 |
_a621.4022 _pHOL |
||
| 100 | _aHOLMAN, JACK PHILLIP | ||
| 245 | 0 | _aTRANSFERENCIA DE CALOR | |
| 250 | _a1A ED. | ||
| 260 |
_aEspaña _bMCGRAW HILL _c1998 |
||
| 260 | _aMADRID | ||
| 300 | _a484 | ||
| 500 | _aEN CIBGZ-FIMCP 50021/22 C.1-2 | ||
| 520 | _aLA TRANSFERENCIA DE CALOR ES LA CIENCIA QUE TRATA DE PREDECIR EL INCREMENTO DE ENERIGA QUE PUEDE TENER LUGAR ENTRE CUERPOS MATERIALES, COMO RESULTADO DE UNA DIFERENCIA DE TEMPERATURA. LA TERMODINAMICA ENSEÑA QUE ESTA TRANSFERENCIA DE ENERGIA SE DEFINE COM | ||
| 650 | _aTRANSFERENCIA DE CALOR | ||
| 700 |
_aPABLO DE ASSAS MATINEZ DE MORETIN _etraductor |
||
| 942 | _c01 | ||
| 999 |
_c222752 _d222752 |
||